000 00851nam a2200205Ii 4500
003 JO-AjNU
008 230605s9999||||xx |||||||||||||| ||und||
040 _aJO-AjNU
_bara
_erda
_cJO-AjNU
041 _aara
050 1 4 _aTH153 2000
100 3 _aالعازمي ، خالد حريميس فلاح,
_eauthor
_939747
245 0 0 _aالمساكن في البيئة الصحراوية : دراسة تحليلية لمدى التوافق البيئي العمراني مع التطبيق على منطقتي القرين والاندلس في دولة الكويت
250 _aط1
264 3 1 _aالكويت ،2000
300 _a326ص
336 _atext
_btxt
_2rdacontent
337 _aunmediated
_bn
_2rdamedia
338 _avolume
_bnc
_2rdacarrier
650 4 _aالمباني-المناطق المدارية-المباني-المساكن
_939748
999 _aA16813
_c20381
_d20381